1927 1033 1695 1079 1300 1901 1957 1433 1248 1102 1286 1565 1320 1615 1498 1578 1897 1037 1693 1241 1729 1373 1908 1505 1051 1299 1017 1115 1973 1696 1494 1896 1884 1983 1050 1570 1365 1465 1749 1429 1579 1138 1592 1934 1984 1036 1902 1869 1865 1363 1075 1695 1877 1714 1130 1425 1872 1306 1817 1028 1868 1278 1997 1556 1999 1776 1853 1514 1631 1354 1372 1471 1343 1708 1016 1961 1802 1655 1385 1658 1130 1457 1904 1712 1199 1295 1846 1815 1543 1349 1258 1443 1548 1857 1308 1317 1948 1421 1745 BCNSPRNW ULIB Ver.6.0+V

เปลี่ยนเป็นภาษาไทย

Change to English
 แสดงรายละเอียดบรรณานุกรม
  กลับหน้าหลัก

Brief Record : Get Marc (ISO 2709) : E-mail record : QR code < ปิดหน้าต่าง
LEADER : 00000nam 2200000uu 4500
001    13399110639
003     ULIB
008    110606s2544||||th 000 0 tha d
020    9740403417
020    9789740403418
060 04 WR140^bน493ห 2544
245 00 หัตถการพื้นฐานทางตจวิทยา =^bPractical procedures in dermatology /^cบรรณาธิการ, นิยม ตันติคุณ, วรพงษ์ มนัสเกียรติ
250    พิมพ์ครั้งที่ 1
260    กรุงเทพฯ :^bภาควิชาตจวิทยา คณะแพทยศาสตร์ศิริราชพยาบาลมหาวิทยาลัยมหิดล,^c2544
300    164 หน้า :^bภาพประกอบ ;^c22 ซม.
650  7 ผิวหนัง, วิทยาโรค
650  7 ผิวหนัง, โรค
653    ผลงานอาจารย์คณะแพทยศาสตร์ศิริราชพยาบาล
700 0  นิยม ตันติคุณ,^eบรรณาธิการ
700 0  วรพงษ์ มนัสเกียรติ,^eบรรณาธิการ
710 2  มหาวิทยาลัยมหิดล. ^bคณะแพทยศาสตร์ศิริราชพยาบาล.^bภาควิชาตจวิทยา
945    ^p250^l0^i023849
945    ^p250^l0^i017771
995    ทศพร
999 ^a ใช้งานได้ทุกระบบ
รายการนี้ยังไม่มีแท็ก
คุณยังไม่ได้ล็อกอิน คุณสามารถมีกิจกรรมร่วมกับเว็บไซต์ได้ แต่ต้องล็อกอินก่อน ::
  ล็อกอิน

รายการสื่อสารสนเทศ

ลำดับที่ ประเภท เลขเรียก/บาร์โค้ด สถานที่ สถานะ
- ไม่พบข้อมูล -

รายการใกล้เคียง
    หัวเรื่อง [ผิวหนัง, วิทยาโรค]
    หัวเรื่อง [ผิวหนัง, โรค]

BibComment


ยังไม่เคยถูกคอมเมนท์

คอมเมนท์ทรัพยากรรายการนี้
  คอมเมนท์: หัตถการพื้นฐานทาง..


 Copyright 2026. Bcnsprnw @Library